|
|
|
|
| LEADER |
00000nam a2200000 a 4500 |
| 001 |
vtls001345542 |
| 003 |
SK-MaSNL |
| 005 |
20260302000009.0 |
| 008 |
240318s1970 xo 0 und |
| 035 |
|
|
|a SNK000298770
|
| 040 |
|
|
|a SNK
|b slo
|c SNK
|e AACR2
|
| 044 |
|
|
|a xo
|c SK
|
| 100 |
1 |
|
|a Mařík, Emanuel
|4 aut
|9 279050
|
| 245 |
1 |
0 |
|a Brusič a rytec skla
|
| 260 |
|
|
|a Bratislava
|b Alfa
|c 1970
|
| 300 |
|
|
|a 403 s.
|
| 958 |
|
|
|a OND
|
| 999 |
|
|
|c 977544
|d 979474
|
| 952 |
|
|
|t P60, <04>, [BOOK], {604}
|a SNK
|b SNK
|y VYP
|7 0
|p 17A0166032
|o snkSD 42859 D1
|0 0
|1 0
|4 0
|d 1998-10-17
|l 0
|r 2005-01-02 00:00:00
|w 2026-02-24
|
| 952 |
|
|
|a SNK
|b SNK
|y PREZ
|7 0
|p 17A0957039
|o snkSD 42859
|0 0
|1 0
|4 0
|d 2013-08-15
|l 0
|r 2026-02-24 11:09:19
|w 2026-02-24
|